Occupational Therapy Terms Quiz 1 - Statistics

General Stats
  • This quiz has been taken 42 times
  • The average score is 33 of 150
Answer Stats
Abbreviation Term % Correct
ASAP as soon as possible
85%
ADLs activities of daily living
80%
appt. appointment
80%
ADD attention deficit disorder
80%
cont. continued/continue
70%
ft. foot/feet (measurement)
70%
DOB date of birth
65%
Dr. doctor
65%
°F Fahrenheit
65%
fl oz fluid ounce
65%
abd abduction
60%
AROM active range of motion
60%
add adduction
60%
exam examination
60%
cm centimeter
55%
CNS central nervous system
55%
ER emergency room
55%
eval. evaluation
55%
ant anterior
50%
ADHD attention deficit hyperactivity disorder
50%
CO₂ carbon dioxide
50%
°C Celsius
50%
DNR do not resuscitate
50%
hr. hour
50%
ext. extension
45%
flex. flexion
45%
am, AM morning
45%
AAROM active assisted range of motion
40%
BADLs basic activities of daily living
40%
COTA Certified Occupational Therapy Assistant
40%
amt. ammount
35%
BP blood pressure
35%
CP cerebral palsy
35%
DVT deep vein thrombosis
35%
Dx diagnosis
35%
HR heart rate
35%
AK above knee
30%
COPM Canadian Occupational Performance Measure
30%
e-stim electrical stimulation
30%
ECG/EKG electrocardiogram
30%
etc. etcetera
30%
with
30%
AA Alcoholics Anonymous
25%
AFO ankle-foot orthosis
25%
assistance
25%
BE below elbow
25%
BK below knee
25%
BKA below knee amputation
25%
CMC carpometacarpal
25%
COPD chronic obstructive pulmonary disease
25%
CIMT Constraint Induced Movement Therapy
25%
DPT Doctor of Physical Therapy
25%
DME durable medical equipment
25%
EOB edge of bed
25%
Fx fracture
25%
FWB full weightbearing
25%
GI gastrointestinal
25%
AE above elbow
20%
AKA above knee amputation
20%
AMB ambulation
20%
AMA American Medical Association
20%
CPR cardiopulmonary resuscitation
20%
CVA cerebrovascular accident
20%
CHF congestive heart failure
20%
CAD coronary artery disease
20%
DOA dead on arrival
20%
DIP distal interphalangeal joint
20%
ENT ear, nose, throat
20%
ECHO echocardiogram
20%
FIM™ Functional Independence Measure
20%
gm gram
20%
AIDS acquired immunodeficiency syndrome
15%
AMA against medical advice
15%
AP anterior posterior
15%
ad lib. as desired
15%
ATNR asymmetrical tonic neck reflex
15%
bilateral
15%
CTS carpal tunnel syndrome
15%
CSF cerebrospinal fluid
15%
CHT Certified Hand Therapist
15%
D.O. Doctor of Osteopathic Medicine
15%
G Good (muscle strength grade 4)
15%
GYN gynecology
15%
ALS amyotrophic lateral sclerosis
10%
ASHD arteriosclerotic heart disease
10%
BRP bathroom privileges
10%
BM bowel movement
10%
CA carcinoma; cancer
10%
CT computed tomography
10%
CAT computerized axial tomography
10%
CGA contact guard assist
10%
CPAP continuous positive airway pressure
10%
CABG coronary artery bypass graft
10%
C&S culture and sensitivity
10%
DMEPOS DME + prosthetics, orthotics, and supplies
10%
EEG electroencephalogram
10%
ER external rotation
10%
F Fair (muscle strength grade 3)
10%
F/U follow up
10%
GSW gunshot wound
10%
HOB head of bed
10%
HRT hormone replacement therapy
10%
HIV human immunodeficiency virus
10%
CTR carpal tunnel release
5%
CMS Centers for Medicare and Medicaid Services
5%
CTRS Certified Therapeutic Recreation Specialist
5%
CXR chest x-ray
5%
CHI closed head injury
5%
C/O complaints of
5%
CBC complete blood count
5%
CRPS complex regional pain syndrome
5%
CPM continuous passive motion
5%
CCU coronary (cardiac) care unit
5%
CST craniosacral therapist
5%
CTD cumulative trauma disorder
5%
CPT Current Procedural Terminology
5%
DOA date of admission
5%
d day
5%
DTR deep tendon reflex
5%
DJD degenerative joint disease
5%
DRUJ distal radioulnar joint
5%
DOE dyspnea on exertion
5%
EMG electromyogram
5%
EOB explanation of benefits
5%
f female
5%
FUO fever of unknown origin
5%
FM fine motor
5%
FCE functional capacity evaluation
5%
GAD generalized anxiety disorder
5%
HOH hand-over-hand
5%
HOH hard of hearing
5%
HA; H/A headache
5%
HEP home exercise program
5%
HS bedtime
0%
dependant
0%
DD developmental disability
0%
DRG diagnostic related group
0%
D&C dilation and curettage
0%
ECT electroconvulsive therapy
0%
EHR electronic health record
0%
ETOH ethyl alcohol
0%
FERPA Family Education Rights and Privacy Act
0%
FBS fasting blood sugar
0%
HIB harassment, intimidation, bullying
0%
HEENT head, eyes, ears, nose, throat
0%
HBV hepatitis B virus
0%
H&P history and physical
0%
HHA home health agency
0%
HIPPA Home Insurance Portability and Accountability
0%
HP hot pack
0%
No matching quizzes found
Score Distribution
Percent of People with Each Score
Percentile by Number Answered
Your Score History
You have not taken this quiz